Lorde Discography - Statistics

General Stats
  • This quiz has been taken 120 times
  • The average score is 20 of 26
Answer Stats
Album Song % Correct
Pure Heroine (Extended) Royals
97%
Melodrama Green Light
95%
Pure Heroine (Extended) Tennis Court
91%
Melodrama Liability
90%
Melodrama Liability (Reprise)
90%
Melodrama Sober
89%
Melodrama Sober II (Melodrama)
89%
Pure Heroine (Extended) Ribs
87%
Pure Heroine (Extended) Team
83%
Melodrama Homemade Dynamite
82%
Melodrama The Louvre
82%
Melodrama Writer In The Dark
81%
Pure Heroine (Extended) Buzzcut Season
79%
Melodrama Perfect Places
79%
Pure Heroine (Extended) White Teeth Teens
79%
Melodrama Supercut
78%
Pure Heroine (Extended) 400 Lux
77%
Pure Heroine (Extended) A World Alone
75%
Pure Heroine (Extended) Glory And Gore
75%
Melodrama Hard Feelings / Loveless
74%
Pure Heroine (Extended) The Love Club
72%
Pure Heroine (Extended) Bravado
68%
Pure Heroine (Extended) Still Sane
59%
Pure Heroine (Extended) Swingin Party
57%
Pure Heroine (Extended) Million Dollar Bills
56%
Pure Heroine (Extended) Biting Down
54%
No matching quizzes found
Score Distribution
Percent of People with Each Score
Percentile by Number Answered
Your Score History
You have not taken this quiz